First Names of Baseball Players - Statistics

General Stats
  • This quiz has been taken 41 times
  • The average score is 18 of 21
Answer Stats
First Names Last Names % Correct
Babe Ruth
100%
Derek Jeter
100%
Barry Bonds
97%
Hank Aaron
95%
Aaron Judge
92%
Jackie Robinson
92%
Joe DiMaggio
92%
Lou Gehrig
92%
Mickey Mantle
92%
Mike Trout
92%
David Ortiz
86%
Pete Rose
86%
Ty Cobb
86%
Juan Soto
84%
Mookie Betts
84%
Willie Mays
84%
Mike Piazza
81%
Ichiro Suzuki
78%
Shohei Ohtani
76%
Ted Williams
73%
Mariano Rivera
70%
No matching quizzes found
Score Distribution
Percent of People with Each Score
Percentile by Number Answered
Your Score History
You have not taken this quiz